Vybrané aspekty vývoja separatistických tendencií v Škótsku bakalárska práca

Uložené v:
Podrobná bibliografia
Hlavný autor: Zrak, Andrej, 1993-
Korporativný autor: Fakulta medzinárodných vzťahov EU. Katedra medzinárodných politických vzťahov
Ďalší autori: Lipková, Ľudmila
Médium: Kniha
Jazyk:Slovak
Vydavateľské údaje: Bratislava 2016
Tagy: Pridať tag
Žiadne tagy, Buďte prvý, kto otaguje tento záznam!

MARC

LEADER 00000nbm a2200000 4500
001 0218136
005 20170131125556.4
041 0 |a slo 
044 |a SK 
245 1 0 |a Vybrané aspekty vývoja separatistických tendencií v Škótsku  |b bakalárska práca  |c Andrej Zrak ; školiteľ: Ľudmila Lipková 
264 1 |a Bratislava  |c 2016 
300 |a 47 s. 
100 1 |a Zrak, Andrej, 1993- 
700 1 |a Lipková, Ľudmila 
710 2 |a Fakulta medzinárodných vzťahov EU. Katedra medzinárodných politických vzťahov